[Event "Mittelfranken-ch QT"]
[Site "Nuremberg"]
[Date "2015.04.02"]
[Round "4"]
[White "Nam, Siwon"]
[Black "Grieneisen Pivatto, Tanja"]
[Result "0-1"]
[WhiteElo "1250"]
[BlackElo "1055"]
[PlyCount "40"]
[EventDate "2015.04.01"]
[EventType "swiss"]
[EventRounds "7"]
[EventCountry "GER"]
[SourceTitle "CBM 166 Extra"]
[Source "ChessBase"]
[SourceDate "2015.06.18"]
[SourceVersion "1"]
[SourceVersionDate "2015.06.18"]
[SourceQuality "1"]

1. e4 e5 2. Nf3 Nc6 3. d4 d6 4. dxe5 Qe7 5. exd6 Qxe4+ 6. Qe2 Nf6 7. Qxe4+ Nxe4 8. Bd3 Nxd6 9. Bf4 Nb4 10. Bxd6 Bxd6 11. Bb5+ c6 12. Bc4 Nxc2+ 13. Kd1 Nxa1 14. Nc3 0-0 15. Kd2 Bf4+ 16. Ke2 Nc2 17. a3 Re8+ 18. Kf1 Bg4 19. g3 Bxf3 20. Rg1 Re1# 0-1